|
|
|
|
| LEADER |
01130nam a2200277 a 4500 |
| 001 |
000485360 |
| 003 |
CZ BrMZK |
| 005 |
19990307143423.0 |
| 008 |
000307s1989 xr f cze d |
| 020 |
|
|
|a 80-04-24549-8
|
| 040 |
|
|
|a BOA001
|b cze
|
| 080 |
|
|
|a 372.851(075.2):376.353
|2 MRF
|
| 100 |
1 |
|
|a Kohút, Vladimír
|7 jx20040720015
|
| 245 |
1 |
0 |
|a Matematika pro 2. ročník ZŠ pro neslyšící a ZŠ pro žáky se zbytky sluchu.
|n Část 2 /
|c Vladimír Kohút, Mária Kyselá ; ilustroval Milan Spál
|
| 250 |
|
|
|a 2. vyd.
|
| 260 |
|
|
|a Praha :
|b Státní pedagogické nakladatelství,
|c 1989
|
| 300 |
|
|
|a 150 s.
|
| 490 |
1 |
|
|a Učebnice pro základní školy
|
| 700 |
1 |
|
|a Kyselá, Mária
|7 jx20040130017
|
| 700 |
1 |
|
|a Spál, Milan,
|d 1931-
|7 jx20041104042
|
| 830 |
|
0 |
|a Učebnice pro základní školy
|
| 910 |
|
|
|a BOA001
|b PK-N-0026.157,2
|
| 964 |
|
|
|a Matematika - učebnice - školy základní pro neslyšící (stupeň 1.)
|
| 964 |
|
|
|a Matematika - učebnice - školy základní pro děti s vadami sluchu
|
| 990 |
|
|
|a BK
|
| 996 |
7 |
|
|b 3119836446
|c PK-N-0026.157/2
|l MZK
|r Sklad / do 1 hodiny
|n 0
|w 000485360
|u 000010
|a 1
|e BOA001
|j MZK50
|s A
|